000 00373cam a2200145ua 4500
041 _aeng
_h
082 _a954.83
_bKRI/SH
100 _aKrishna Ayyar, K V .
245 _aShort history of Kerala /
_cK V Krishna Ayyar.
_hTextual Documents
260 _aCochin :
_bPaico Publishing House ,
_c1966.
300 _a218 ; .
504 _a
942 _cBK
999 _c6141
_d6141